000 00621nam a2200205Ia 4500
003 OSt
005 20250726112602.0
008 210210b1997 xxu||||| |||| 00| 0 eng d
040 _cAL
041 _aKannada
082 _aK894.209 VAIK
100 _aVAIKUNTHARAJU (B V)
_dವೈಕುಂಠರಾಜು (ಬಿ ವಿ )
_9200248
245 _aKannada Rangabhumi
_bಕನ್ನಡ ರಂಗಭೂಮಿ
260 _aHampi
_bPrasaranga,Kannada Vishvavidyalaya
_c1997
300 _axii,358
650 _aKannada Rangabhumi
_9200249
690 _aKannada Drama Criticism
_9200250
906 _a052773
942 _2ddc
_cBK
999 _c100766
_d100766